Antología de poesías de escritores costarricenses

Guardat en:
Dades bibliogràfiques
Autor principal: Gutiérrez González, Margarita
Format: Llibre
Idioma:Undetermined
Publicat: San José, Costa Rica Universidad de Costa Rica 1965
Matèries:
Etiquetes: Afegir etiqueta
Sense etiquetes, Sigues el primer a etiquetar aquest registre!

MARC

LEADER 00000nam a2200000Ia 4500
008 170316s9999 xx 000 0 und d
040 |a cru BVZT 
090 |a A-868 G-2a 
100 |a Gutiérrez González, Margarita 
245 |a Antología de poesías de escritores costarricenses 
260 |a San José, Costa Rica 
260 |b Universidad de Costa Rica 
260 |c 1965 
300 |a 53 páginas 
650 |a LITERATURA COSTARRICENSE 
650 |a ANTOLOGÍA 
999 |c 12602  |d 12602 
942 |c 15 D  |h A-868 G-2a  |2 z